| 000 | 01436cam a2200253 4500500 | ||
|---|---|---|---|
| 005 | 20260208005048.0 | ||
| 041 | _afre | ||
| 042 | _adc | ||
| 100 | 1 | 0 |
_aTzioumakis, Yannis _eauthor |
| 245 | 0 | 0 | _aAmerican Independent Cinema in the Age of Convergence |
| 260 | _c2014. | ||
| 500 | _a92 | ||
| 520 | _aEn s’appuyant sur les travaux récents de spécialistes des médias, cet article montre de quelles façons Hollywood et le cinéma indépendant ont convergé, tant et si bien que des vocables comme « Indiewood » ont été créés pour rendre compte de l’intensification de leurs relations. Cette étude se concentre notamment sur l’importance que revêt le contrôle des différents médias (sous toutes leurs formes) pour les conglomérats de l’industrie du spectacle, ou encore sur la manière dont synergies et franchises se généralisent dans le secteur indépendant. | ||
| 690 | _acinéma indépendant | ||
| 690 | _aconglomérats mondiaux de l'industrie du spectacle | ||
| 690 | _aconvergence des médias | ||
| 690 | _aindiewood | ||
| 690 | _aglobal entertainment conglomerates | ||
| 690 | _aindependent film | ||
| 690 | _aindiewood | ||
| 690 | _amedia convergence | ||
| 786 | 0 | _nRevue française d’études américaines | 136 | 2 | 2014-02-01 | p. 52-66 | 0397-7870 | |
| 856 | 4 | 1 | _uhttps://shs.cairn.info/journal-revue-francaise-d-etudes-americaines-2013-2-page-52?lang=en&redirect-ssocas=7080 |
| 999 |
_c1650408 _d1650408 |
||